[Event "Reykjavik Open"]
[Site "Reykjavik ISL"]
[Date "2012.03.13"]
[Round "9.27"]
[White "Kiewra, Keaton F"]
[Black "Edvardsson, Kristjan"]
[Result "1-0"]
[WhiteTitle "FM"]
[WhiteElo "2355"]
[BlackElo "2217"]
[WhiteFideId "2019280"]
[BlackFideId "2300893"]
[EventDate "2012.03.06"]

1. d4 Nf6 2. c4 c5 3. Nf3 e6 4. Nc3 cxd4 5. Nxd4 a6 6. g3 Qc7 7. Qd3 Nc6 8. Nxc6
Qxc6 9. e4 b6 10. Bg2 Bb7 11. Bg5 Rc8 12. Bxf6 gxf6 13. Rd1 Rc7 14. Qd4 Be7 15.
O-O Qxc4 16. Qxb6 Bc5 17. Qa5 Bb4 18. Qh5 Bxc3 19. bxc3 Qxc3 20. Qh6 Qe5 21. Qg7
Rf8 22. Qxh7 f5 23. Qh6 fxe4 24. Rb1 Ke7 25. Rfe1 Bd5 26. Bxe4 Bxa2 27. Ra1 Bc4
28. Bd3 Qd4 29. Bxc4 Rxc4 30. Red1 Qa7 31. Ra5 d5 32. Qg5+ f6 33. Qh5 Qb6 34.
Rda1 Rc1+ 35. Rxc1 Qxa5 36. Qh7+ Rf7 37. Qg8 Rf8 38. Qg7+ Rf7 39. Qg8 Rf8 40.
Qg4 Qb6 41. h4 Qd6 42. Rb1 Qd7 43. Rb6 a5 44. h5 d4 45. Qe4 f5 46. Qe5 Rf7 47.
Ra6 a4 48. h6 d3 49. Qc5+ Kf6 50. Rd6 d2 51. Qd4+ 1-0

[Event "Reykjavik Open"]
[Site "Reykjavik ISL"]
[Date "2012.03.13"]
[Round "9.29"]
[White "Haarr, Jon Kristian"]
[Black "Kristjansson, Stefan"]
[Result "1/2-1/2"]
[BlackTitle "GM"]
[WhiteElo "2226"]
[BlackElo "2500"]
[WhiteFideId "1505963"]
[BlackFideId "2301172"]
[EventDate "2012.03.06"]

1. e4 c5 2. c3 d5 3. exd5 Qxd5 4. d4 Nc6 5. dxc5 Qxd1+ 6. Kxd1 Nf6 7. b4 a5 8.
b5 Ne5 9. f3 Bf5 10. Be3 O-O-O+ 11. Nd2 Nd3 12. Ne2 Nd5 13. Bg1 e5 14. Ng3 Bg6
15. Nge4 Nc7 16. Bxd3 Rxd3 17. Ke2 Rd8 18. a4 Nd5 19. Be3 f5 20. Nd6+ Bxd6 21.
cxd6 f4 22. Bc5 b6 23. Ba3 Nxc3+ 24. Kf2 Nxa4 25. Rhc1+ Kd7 26. Rc4 Nc5 27. Bxc5
bxc5 28. Rxc5 Kxd6 29. Rc6+ Ke7 30. Nc4 Bd3 31. Rc7+ Kf6 32. Rc6+ Ke7 33. Rc7+
Kf6 34. Rc6+ 1/2-1/2

[Event "Reykjavik Open"]
[Site "Reykjavik ISL"]
[Date "2012.03.13"]
[Round "9.31"]
[White "Gunnarsson, Jon Viktor"]
[Black "Arjun, Bharat"]
[Result "1-0"]
[WhiteTitle "IM"]
[BlackTitle "CM"]
[WhiteElo "2424"]
[BlackElo "2210"]
[WhiteFideId "2300931"]
[BlackFideId "5032725"]
[EventDate "2012.03.06"]

1. e4 c5 2. Nc3 d6 3. f4 Nc6 4. Nf3 g6 5. Bb5 Bg7 6. O-O e6 7. Bxc6+ bxc6 8. d3
Ne7 9. Qe1 O-O 10. e5 Ba6 11. b3 Nf5 12. exd6 Qxd6 13. Ne4 Qd5 14. Ba3 Nd4 15.
Rc1 Nxf3+ 16. Rxf3 f5 17. c4 Qd4+ 18. Nf2 e5 19. fxe5 Bxe5 20. Qa5 Bb7 21. Bxc5
Qb2 22. Qe1 Rfe8 23. Re3 Kf7 24. Rd1 Bc3 25. Re7+ Rxe7 26. Qxe7+ Kg8 27. Qxb7
Re8 28. Qxc6 Qe2 29. Qd5+ Kg7 30. Bd4+ Bxd4 31. Qxd4+ Kh6 32. h4 1-0

[Event "Reykjavik Open"]
[Site "Reykjavik ISL"]
[Date "2012.03.13"]
[Round "9.32"]
[White "Thorfinnsson, Bjorn"]
[Black "Dunn, Andrew"]
[Result "1/2-1/2"]
[WhiteTitle "IM"]
[BlackTitle "CM"]
[WhiteElo "2416"]
[BlackElo "2205"]
[WhiteFideId "2300982"]
[BlackFideId "401960"]
[EventDate "2012.03.06"]

1. e4 c6 2. d4 d5 3. e5 Bf5 4. Nc3 h5 5. Bg5 Qb6 6. Bd3 Bxd3 7. Qxd3 e6 8. Nge2
Nd7 9. f4 g6 10. O-O-O Ne7 11. g4 hxg4 12. h3 g3 13. Nxg3 O-O-O 14. h4 Re8 15.
h5 gxh5 16. f5 c5 17. fxe6 fxe6 18. Bf6 Rh6 19. Qf3 cxd4 20. Nce2 Nc6 21. Rxh5
Nc5 22. Kb1 Na4 23. b3 Qb4 24. Rf1 Nc3+ 25. Nxc3 Qxc3 26. Rxh6 Qxf3 27. Rxf3
Bxh6 28. a3 Rg8 29. a4 a6 30. Ka2 Rg4 31. Nh5 Rg2 32. Kb2 Re2 33. Nf4 Re3 34.
Rxe3 dxe3 35. Ne2 1/2-1/2

[Event "Reykjavik Open"]
[Site "Reykjavik ISL"]
[Date "2012.03.13"]
[Round "9.33"]
[White "Aguera Naredo, Javier"]
[Black "Hobber, Anders"]
[Result "1-0"]
[WhiteTitle "FM"]
[WhiteElo "2358"]
[BlackElo "2224"]
[WhiteFideId "2204169"]
[BlackFideId "1505424"]
[EventDate "2012.03.06"]

1. e4 e6 2. d4 d5 3. Nd2 c5 4. Ngf3 Nc6 5. exd5 exd5 6. Bb5 Bd6 7. dxc5 Bxc5 8.
O-O Ne7 9. Nb3 Bd6 10. Bg5 O-O 11. Re1 Qc7 12. h3 h6 13. Be3 a6 14. Bf1 Bf5 15.
c3 Rad8 16. a4 Na5 17. Nxa5 Qxa5 18. Qb3 Rd7 19. Nd4 Bg6 20. Be2 Qc7 21. Bg4
Rdd8 22. Rad1 Nc6 23. Nf5 Bxf5 24. Bxf5 Na5 25. Qb6 Rfe8 26. Qxc7 Bxc7 27. Bc5
g6 28. Rxe8+ Rxe8 29. Bg4 b6 30. Be3 Nc4 31. Bc1 b5 32. axb5 axb5 33. Kf1 b4 34.
cxb4 Rb8 35. b3 Ne5 36. Rd4 Nxg4 37. hxg4 Rb5 38. Bxh6 Bb6 39. Rd3 Rxb4 40. f3
Rb5 41. Bd2 f6 42. Ke2 Kf7 43. f4 Ke6 44. Rh3 d4 45. b4 f5 46. Rh6 Kf7 47. Rh7+
Ke6 48. Rg7 d3+ 49. Kxd3 Bd8 50. Rxg6+ Bf6 51. g5 Kd5 52. Rxf6 Rxb4 1-0

[Event "Reykjavik Open"]
[Site "Reykjavik ISL"]
[Date "2012.03.13"]
[Round "9.34"]
[White "Lasinskas, Povilas"]
[Black "Vuilleumier, Alexandre"]
[Result "0-1"]
[WhiteTitle "FM"]
[BlackTitle "IM"]
[WhiteElo "2170"]
[BlackElo "2350"]
[WhiteFideId "12800503"]
[BlackFideId "1305662"]
[EventDate "2012.03.06"]

1. d4 Nf6 2. c4 e6 3. Nf3 d5 4. Bg5 Bb4+ 5. Nbd2 dxc4 6. Qa4+ Nc6 7. O-O-O a6 8.
Ne5 b5 9. Nxc6 Bxd2+ 10. Rxd2 Qd6 11. Qb4 Qxc6 12. Bxf6 gxf6 13. h4 Bb7 14. Rh3
Qd6 15. Qa5 Rg8 16. g3 O-O-O 17. h5 Rd7 18. Rh4 Rgd8 19. a4 Qc6 20. e3 Rd6 21.
axb5 axb5 22. b3 cxb3+ 23. Kb2 Qb6 24. Qxb6 Rxb6 25. Kxb3 Kd7 26. h6 Ra8 27. Bd3
Bd5+ 28. Kb4 Ra4+ 29. Kc5 Rc6+ 30. Kxb5 Rca6 0-1

[Event "Reykjavik Open"]
[Site "Reykjavik ISL"]
[Date "2012.03.13"]
[Round "9.36"]
[White "Johannesson, Ingvar Thor"]
[Black "Murray, Mike"]
[Result "1-0"]
[WhiteTitle "FM"]
[WhiteElo "2331"]
[BlackElo "2007"]
[WhiteFideId "2301490"]
[BlackFideId "2609126"]
[EventDate "2012.03.06"]

1. c4 Nc6 2. g3 e5 3. Bg2 g6 4. Nc3 Bg7 5. Nf3 d6 6. d3 Nge7 7. Rb1 a5 8. a3 O-O
9. b4 axb4 10. axb4 h6 11. O-O f5 12. b5 Nb8 13. Bb2 Nd7 14. Ra1 Rxa1 15. Qxa1
Nc5 16. Nd2 c6 17. Qa7 Ne6 18. bxc6 bxc6 19. Rc1 Rf7 20. Ba3 e4 21. Qb8 Nc5 22.
dxe4 Kh7 23. exf5 Nxf5 24. Nce4 Nxe4 25. Nxe4 Rb7 26. Qa8 Qc7 27. Bxd6 Qd7 28.
Bc5 Nd4 29. Bxd4 Bxd4 30. Rd1 Kg7 31. e3 Qg4 32. Rf1 Be5 33. h3 Qf5 34. Rd1 Rf7
35. f4 Bb7 36. Qa2 Bb8 37. Rd8 Rf8 38. Qb2+ 1-0

[Event "Reykjavik Open"]
[Site "Reykjavik ISL"]
[Date "2012.03.13"]
[Round "9.37"]
[White "Palsson, Halldor"]
[Black "Lagerman, Robert"]
[Result "0-1"]
[BlackTitle "FM"]
[WhiteElo "2000"]
[BlackElo "2315"]
[WhiteFideId "2301202"]
[BlackFideId "2300362"]
[EventDate "2012.03.06"]

1. d4 Nf6 2. Nf3 g6 3. e3 Bg7 4. Bd3 d6 5. O-O O-O 6. Nbd2 c5 7. c3 Nc6 8. Re1
e5 9. dxe5 dxe5 10. Qc2 Nd5 11. a3 Kh8 12. e4 Nf4 13. Bf1 Be6 14. Nc4 f6 15. Be3
Qe7 16. b4 cxb4 17. axb4 b6 18. b5 Bxc4 19. Bxc4 Na5 20. Bf1 Ne6 21. Red1 Rac8
22. Nd2 f5 23. f3 Rc7 24. c4 Nd4 25. Bxd4 exd4 26. Bd3 Qg5 27. exf5 gxf5 28. Re1
Rfc8 0-1

[Event "Reykjavik Open"]
[Site "Reykjavik ISL"]
[Date "2012.03.13"]
[Round "9.38"]
[White "Olafsson, Thorvardur"]
[Black "Holm, Kristian Stuvik"]
[Result "1-0"]
[WhiteElo "2147"]
[BlackElo "2290"]
[WhiteFideId "2301148"]
[BlackFideId "1508083"]
[EventDate "2012.03.06"]

1. e4 c5 2. Nf3 g6 3. d4 cxd4 4. Nxd4 Bg7 5. Nc3 Nc6 6. Be3 Nf6 7. Bc4 O-O 8.
Bb3 d6 9. f3 Bd7 10. Qd2 Nxd4 11. Bxd4 b5 12. a4 b4 13. Nd5 Nxd5 14. Bxg7 Kxg7
15. Bxd5 Rc8 16. Qxb4 Rxc2 17. O-O Qb8 18. Qxb8 Rxb8 19. b3 Be6 20. Bxe6 fxe6
21. Rac1 Rb2 22. Rc7 Kf7 23. Rxa7 R2xb3 24. Rc1 R3b7 25. Rc7 Rxc7 26. Rxc7 Ra8
27. Rc4 Ke8 28. Kf2 Kd7 29. Ke3 Ra6 30. Kd3 e5 31. Rb4 Kc6 32. Rc4+ Kb7 33. Rb4+
Kc6 34. Rc4+ Kb7 35. Rb4+ Kc6 36. Rc4+ 1-0

[Event "Reykjavik Open"]
[Site "Reykjavik ISL"]
[Date "2012.03.13"]
[Round "9.39"]
[White "Ptacnikova, Lenka"]
[Black "Marzano, Carlo"]
[Result "1-0"]
[WhiteTitle "WGM"]
[WhiteElo "2289"]
[BlackElo "2164"]
[WhiteFideId "305650"]
[BlackFideId "802980"]
[EventDate "2012.03.06"]

1. e4 Nc6 2. Nf3 d6 3. d4 Nf6 4. Nc3 Bg4 5. Be3 e5 6. Bb5 exd4 7. Qxd4 Be7 8.
Bxc6+ bxc6 9. Qc4 Bd7 10. O-O O-O 11. Rad1 Ng4 12. Bf4 Bf6 13. h3 Nh6 14. e5 d5
15. Nxd5 cxd5 16. Qxd5 Be6 17. Qa5 Qe7 18. Bxh6 gxh6 19. exf6 Qxf6 20. Qe5 Qxe5
21. Nxe5 Rfb8 22. b3 a5 23. a4 c5 24. f4 f6 25. Nd7 Bxd7 26. Rxd7 c4 27. Rf3 Re8
28. Rg3+ Kh8 29. Rgg7 cxb3 30. cxb3 Rab8 31. Rxh7+ Kg8 32. Rdg7+ Kf8 33. Ra7 Kg8
34. Rxh6 Rxb3 35. Rxf6 Rb2 36. Rg6+ Kh8 37. Rxa5 Kh7 38. Rg4 Kh6 39. Rag5 1-0

[Event "Reykjavik Open"]
[Site "Reykjavik ISL"]
[Date "2012.03.13"]
[Round "9.40"]
[White "Doggers, Peter"]
[Black "Skoien, Havard"]
[Result "1-0"]
[WhiteElo "2265"]
[BlackElo "2121"]
[WhiteFideId "1005774"]
[BlackFideId "1503278"]
[EventDate "2012.03.06"]

1. e4 e6 2. d4 d5 3. Nc3 Bb4 4. e5 Qd7 5. a3 Bf8 6. Nf3 b6 7. b4 c6 8. Rb1 Ne7
9. Bd3 Na6 10. O-O Nc7 11. a4 c5 12. bxc5 bxc5 13. dxc5 Nc6 14. Ba3 Na6 15. Nb5
Nxc5 16. Nd6+ Bxd6 17. exd6 Nxd3 18. Qxd3 f6 19. c4 Ba6 20. Rfe1 Bxc4 21. Qf5 d4
22. Qc5 Bd3 23. Rbd1 Bg6 24. Rxe6+ Kf7 25. Nxd4 Nxd4 26. Re7+ Qxe7 27. dxe7 Ne6
28. Qd5 Rab8 29. f4 1-0

[Event "Reykjavik Open"]
[Site "Reykjavik ISL"]
[Date "2012.03.13"]
[Round "9.41"]
[White "Karlsson, Bjorn-Ivar"]
[Black "Sigurdarson, Emil"]
[Result "1-0"]
[WhiteElo "2250"]
[BlackElo "1769"]
[WhiteFideId "2301687"]
[BlackFideId "2304163"]
[EventDate "2012.03.06"]

1. e4 c6 2. Nf3 d5 3. Nc3 d4 4. Ne2 c5 5. c3 Nc6 6. cxd4 cxd4 7. Qa4 Bd7 8.
Nexd4 Nf6 9. Nxc6 Bxc6 10. Bb5 Qb6 11. Bxc6+ bxc6 12. O-O e6 13. d3 Bc5 14. d4
Be7 15. Re1 O-O 16. Qc2 Rac8 17. Bg5 c5 18. d5 Rfe8 19. Bxf6 gxf6 20. Nd2 Qd6
21. Nc4 Qf4 22. d6 Bxd6 23. g3 1-0

[Event "Reykjavik Open"]
[Site "Reykjavik ISL"]
[Date "2012.03.13"]
[Round "9.42"]
[White "Lee, Kai Jie Edward"]
[Black "Langer, Michael"]
[Result "0-1"]
[BlackTitle "FM"]
[WhiteElo "2093"]
[BlackElo "2217"]
[WhiteFideId "5802920"]
[BlackFideId "2015064"]
[EventDate "2012.03.06"]

1. e4 c5 2. Nf3 d6 3. d4 cxd4 4. Nxd4 Nf6 5. Nc3 a6 6. Bc4 e6 7. Bb3 b5 8. O-O
Be7 9. Qf3 Qc7 10. Re1 O-O 11. Qg3 Bd7 12. Bh6 Ne8 13. Rad1 Nc6 14. Nxc6 Bxc6
15. Bf4 a5 16. a3 Rb8 17. e5 d5 18. Bxd5 Bxd5 19. Nxd5 exd5 20. e6 Bd6 21. Bxd6
Nxd6 22. Rxd5 Rb6 23. Red1 Ne8 24. exf7+ Rxf7 25. Rd8 Re6 26. Qd3 Rfe7 27. Qd5
Qxc2 28. Re1 Kf8 29. Rf1 Re1 30. Qf3+ Kg8 31. Qd5+ Kh8 32. Qxb5 Rxf1+ 33. Qxf1
Qxb2 34. g3 Qxa3 35. Qb5 Qa1+ 36. Kg2 Qe1 37. Qf5 Kg8 38. Ra8 Rf7 39. Qc2 h6 40.
Rc8 Re7 41. Qc4+ Kh7 42. Qc2+ Qe4+ 43. Qxe4+ Rxe4 44. Ra8 a4 45. f3 Nc7 46. Ra7
Rc4 47. Kf2 Nb5 48. Ra5 Rb4 49. Ke2 a3 50. Kd2 Rb2+ 51. Kc1 Rb4 52. Kd2 Kg6 0-1

[Event "Reykjavik Open"]
[Site "Reykjavik ISL"]
[Date "2012.03.13"]
[Round "9.43"]
[White "Thomassen, Joachim"]
[Black "Mikalsen, Erlend"]
[Result "1-0"]
[WhiteTitle "IM"]
[WhiteElo "2400"]
[BlackElo "2083"]
[WhiteFideId "1504991"]
[BlackFideId "1507338"]
[EventDate "2012.03.06"]

1. e4 c5 2. Nf3 d6 3. c3 Nf6 4. Bd3 g6 5. O-O Bg7 6. Bc2 O-O 7. h3 Nc6 8. Qe2 b6
9. Rd1 Bb7 10. a3 Qc7 11. d3 Kh8 12. Nbd2 e6 13. Nf1 Rae8 14. Bg5 Ng8 15. d4 f6
16. Bf4 f5 17. exf5 e5 18. dxe5 Nxe5 19. Bxe5 dxe5 20. fxg6 e4 21. Ng5 hxg6 22.
Nxe4 Nf6 23. Nfg3 Qc6 24. f3 Nd5 25. Qd2 c4 26. Re1 Rd8 27. Rad1 Qc7 28. Qf2 Be5
29. Nf1 Nf4 30. Qh4+ Kg7 31. Ng5 Rh8 32. Qxf4 Bxf4 33. Ne6+ Kf6 34. Nxc7 Bxc7
35. b4 b5 36. Be4 Bb6+ 1-0

[Event "Reykjavik Open"]
[Site "Reykjavik ISL"]
[Date "2012.03.13"]
[Round "9.45"]
[White "Loftsson, Hrafn"]
[Black "Bharat, Vijay"]
[Result "1-0"]
[WhiteElo "2202"]
[BlackElo "1941"]
[WhiteFideId "2300729"]
[BlackFideId "5032784"]
[EventDate "2012.03.06"]

1. c4 b6 2. Nc3 e6 3. Nf3 Bb7 4. g3 Bxf3 5. exf3 c5 6. d4 cxd4 7. Qxd4 Nc6 8.
Qd3 Bb4 9. Be2 d5 10. cxd5 Qxd5 11. Qxd5 exd5 12. O-O Bxc3 13. bxc3 Nge7 14. Ba3
O-O 15. Bb5 Rfd8 16. Rfe1 a6 17. Bf1 Ng6 18. f4 Nf8 19. Rad1 Na5 20. Bg2 Rac8
21. Bb4 Nc6 22. Rxd5 Rxd5 23. Bxd5 Nxb4 24. cxb4 Rd8 25. Bb3 Rd7 26. Re8 Ra7 27.
Rb8 b5 28. Bd5 g6 29. Rb7 Rxb7 30. Bxb7 Ne6 31. Bxa6 Nc7 32. Bb7 Kf8 33. Kf1 Ke7
34. Ke2 Kd6 35. Kd3 f6 36. Bf3 Ne6 37. Bg4 Nc7 38. Bd1 Nd5 39. a3 Nb6 40. Bb3
Nc8 41. Bg8 h6 42. Bf7 g5 43. fxg5 fxg5 44. Be8 Na7 45. Kd4 Ke7 46. Bh5 Kd6 47.
Be2 Nc6+ 48. Ke4 Ne5 49. f4 1-0

[Event "Reykjavik Open"]
[Site "Reykjavik ISL"]
[Date "2012.03.13"]
[Round "9.47"]
[White "Bjornsson, Bjorn Freyr"]
[Black "Ziska, Andrias"]
[Result "1-0"]
[WhiteElo "2183"]
[BlackElo "1900"]
[WhiteFideId "2300834"]
[BlackFideId "7200587"]
[EventDate "2012.03.06"]

1. d4 Nf6 2. c4 g6 3. g3 Bg7 4. Nf3 O-O 5. Bg2 d6 6. O-O Na6 7. Nc3 c5 8. d5 Bd7
9. e4 Nh5 10. Re1 e5 11. dxe6 Bxe6 12. Nb5 Bxc4 13. Nxd6 Be6 14. e5 Qd7 15. Ng5
Rab8 16. f4 Bg4 17. Qb3 c4 18. Qxc4 h6 19. Nge4 b5 20. Qb3 Be6 21. Qa3 Rb6 22.
Be3 Rfb8 23. Bxb6 Rxb6 24. Rac1 Bf8 25. Red1 Kg7 26. b4 Qe7 27. Nf6 1-0

[Event "Reykjavik Open"]
[Site "Reykjavik ISL"]
[Date "2012.03.13"]
[Round "9.48"]
[White "Rodriguez Fonseca, Jorge"]
[Black "Halldorsson, Bragi"]
[Result "0-1"]
[WhiteElo "2003"]
[BlackElo "2178"]
[WhiteFideId "2224658"]
[BlackFideId "2300907"]
[EventDate "2012.03.06"]

1. e4 c6 2. d4 d5 3. Nc3 dxe4 4. Nxe4 Bf5 5. Ng3 Bg6 6. Bc4 e6 7. N1e2 Bd6 8.
Bf4 Nf6 9. O-O O-O 10. Bxd6 Qxd6 11. f4 Bf5 12. Nxf5 exf5 13. Qd3 g6 14. Rad1
Nbd7 15. Bb3 Rae8 16. c4 Re7 17. Nc3 Rfe8 18. c5 Qc7 19. Rf3 Qa5 20. Qc4 Kh8 21.
Bc2 Ng4 22. b4 Qc7 23. d5 Re1+ 24. Rxe1 Rxe1+ 25. Rf1 Rxf1+ 26. Qxf1 Ne3 27. d6
Qd8 28. Qe2 Nxc2 29. Qxc2 Qf6 30. Qd2 Kg8 31. Ne2 Qe6 32. Kf2 a5 33. a3 axb4 34.
axb4 Nf6 35. Qd4 Kf8 36. Kf1 Ke8 37. Qa1 Kf8 38. Qd4 Kg8 39. Ng1 Nd5 40. Nf3 f6
41. Kf2 Kf7 42. Kg3 Qe4 43. Qxe4 fxe4 44. Nd2 e3 45. Nc4 Nxb4 46. Na5 Nd3 47. d7
e2 48. d8=Q e1=Q+ 49. Kh3 Qe3+ 50. g3 Nxf4+ 0-1

[Event "Reykjavik Open"]
[Site "Reykjavik ISL"]
[Date "2012.03.13"]
[Round "9.49"]
[White "Ornolfsson, Magnus P"]
[Black "Johannsson, Orn Leo"]
[Result "1-0"]
[WhiteElo "2175"]
[BlackElo "1939"]
[WhiteFideId "2301016"]
[BlackFideId "2303051"]
[EventDate "2012.03.06"]

1. e4 e6 2. d4 d5 3. Nd2 Nf6 4. e5 Nfd7 5. Bd3 c5 6. c3 Nc6 7. Ne2 cxd4 8. cxd4
f6 9. exf6 Nxf6 10. O-O Bd6 11. Nf3 O-O 12. Ng3 Qb6 13. Re1 Bd7 14. Bg5 Rae8 15.
Bxf6 gxf6 16. Qd2 Bxg3 17. hxg3 Rf7 18. Rad1 Qb4 19. Qf4 a6 20. a3 Qf8 21. Bb1
e5 22. dxe5 fxe5 23. Qh4 Bf5 24. Ng5 Rg7 25. Ba2 Nd4 26. Bxd5+ Kh8 27. Nf3 Nxf3+
28. gxf3 Qc5 29. Rxe5 Rf8 30. Qd4 Qd6 31. Be4 Qxd4 32. Rxd4 Bg6 33. Bxg6 Rxg6
34. Kg2 Rf7 35. Rdd5 Rb6 36. b4 Re6 1-0

[Event "Reykjavik Open"]
[Site "Reykjavik ISL"]
[Date "2012.03.13"]
[Round "9.50"]
[White "Sigurjonsson, Siguringi"]
[Black "Bjornsson, Sverrir Orn"]
[Result "1-0"]
[WhiteElo "1944"]
[BlackElo "2153"]
[WhiteFideId "2300397"]
[BlackFideId "2301954"]
[EventDate "2012.03.06"]

1. d4 d5 2. Bf4 Nf6 3. e3 c6 4. c3 Bf5 5. Nd2 e6 6. Ngf3 Bd6 7. Ne5 O-O 8. Be2
Ne8 9. g4 Bg6 10. h4 Bxe5 11. dxe5 f6 12. Nf3 Nd7 13. exf6 Nexf6 14. Ng5 Qe7 15.
f3 h6 16. Nh3 e5 17. Bg3 Rae8 18. Bf2 d4 19. cxd4 Nd5 20. e4 exd4 21. Qxd4 Ne5
22. h5 Bh7 23. Ng1 Nf4 24. Bc4+ Kh8 25. O-O-O Rd8 26. Qc3 Nxg4 27. Rxd8 Rxd8 28.
Bh4 Nf6 29. Ne2 Nxe2+ 30. Bxe2 Re8 31. Rg1 Bg8 32. Rg6 Nxe4 33. fxe4 1-0

[Event "Reykjavik Open"]
[Site "Reykjavik ISL"]
[Date "2012.03.13"]
[Round "9.52"]
[White "Thorsteinsson, Erlingur"]
[Black "Helin, Mikael"]
[Result "0-1"]
[WhiteElo "2129"]
[BlackElo "1884"]
[WhiteFideId "2301091"]
[BlackFideId "1703838"]
[EventDate "2012.03.06"]

1. a3 e5 2. Nf3 Nc6 3. d3 g6 4. b4 Bg7 5. Bb2 d6 6. Nbd2 f5 7. e3 h6 8. Be2 a6
9. c4 Nge7 10. Qc2 O-O 11. O-O g5 12. b5 Nb8 13. d4 e4 14. Ne1 d5 15. a4 c6 16.
Qb3 a5 17. Nc2 Be6 18. f3 Nd7 19. fxe4 fxe4 20. cxd5 Nxd5 21. Nxe4 N7b6 22. Nc5
Bf7 23. Rxf7 Rxf7 24. Bh5 Rf6 25. e4 Kh8 26. exd5 cxd5 27. Re1 Qd6 28. Ne3 Raf8
29. Ng4 Rf4 30. g3 Rf3 31. Qd1 Nc4 32. Re8 Nxb2 33. Qxf3 Rxe8 34. Nxb7 Re1+ 35.
Kf2 Qe7 36. Nc5 Bxd4+ 0-1

[Event "Reykjavik Open"]
[Site "Reykjavik ISL"]
[Date "2012.03.13"]
[Round "9.54"]
[White "Hardarson, Jon Trausti"]
[Black "Jonsson, Pall Leo"]
[Result "1/2-1/2"]
[WhiteElo "1688"]
[BlackElo "2057"]
[WhiteFideId "2302594"]
[BlackFideId "2302365"]
[EventDate "2012.03.06"]

1. e4 e6 2. d4 d5 3. Nc3 dxe4 4. Nxe4 Be7 5. Nf3 Nd7 6. Bd3 Ngf6 7. Nxf6+ Nxf6
8. O-O O-O 9. c3 b6 10. Ne5 Bb7 1/2-1/2

[Event "Reykjavik Open"]
[Site "Reykjavik ISL"]
[Date "2012.03.13"]
[Round "9.55"]
[White "Bergsson, Stefan"]
[Black "Kjartansson, Dagur"]
[Result "1-0"]
[WhiteElo "2171"]
[BlackElo "1528"]
[WhiteFideId "2301393"]
[BlackFideId "2303299"]
[EventDate "2012.03.06"]

1. e4 c5 2. Nc3 Nc6 3. f4 e6 4. Nf3 Nge7 5. d3 g6 6. Be2 Bg7 7. O-O f5 8. Be3 b6
9. e5 d6 10. exd6 Qxd6 11. d4 Nxd4 12. Nxd4 cxd4 13. Nb5 Qd7 14. Bxd4 O-O 15.
Bf3 Nd5 16. c4 Bb7 17. Bxg7 Kxg7 18. Nc3 Ba6 19. cxd5 Bxf1 20. Qd4+ Kh6 21. Rxf1
Rad8 22. Be2 Qe7 23. Rf3 Qf6 24. Qd2 exd5 25. Nxd5 Rf7 26. Rh3+ Kg7 27. Rxh7+
Kf8 28. Qb4+ Qd6 29. Rh8+ Kg7 30. Qc3+ Rf6 31. Rxd8 1-0

[Event "Reykjavik Open"]
[Site "Reykjavik ISL"]
[Date "2012.03.13"]
[Round "9.56"]
[White "Zachariassen, John"]
[Black "Dave, Dhyani"]
[Result "1/2-1/2"]
[BlackTitle "WFM"]
[WhiteElo "1939"]
[BlackElo "2205"]
[WhiteFideId "1405535"]
[BlackFideId "5019834"]
[EventDate "2012.03.06"]

1. Nf3 d5 2. d3 Nf6 3. Nbd2 Nc6 4. e4 e5 5. Be2 Bc5 6. O-O O-O 7. c3 Re8 8. Qc2
a5 9. a4 h6 10. Rb1 Bf8 11. Re1 b6 12. Nf1 Bb7 13. Ng3 g6 14. Rf1 Qd7 15. h3
Rad8 16. Bd2 Bg7 17. Rfd1 Qe7 1/2-1/2

[Event "Reykjavik Open"]
[Site "Reykjavik ISL"]
[Date "2012.03.13"]
[Round "9.57"]
[White "Vrban, Damir"]
[Black "Hynna, Kevin"]
[Result "1-0"]
[WhiteElo "2152"]
[BlackElo "1936"]
[WhiteFideId "14508630"]
[BlackFideId "501484"]
[EventDate "2012.03.06"]

1. Nf3 Nf6 2. g3 g6 3. Bg2 Bg7 4. O-O O-O 5. c4 d6 6. Nc3 c5 7. e3 Nc6 8. d4
cxd4 9. exd4 a6 10. Bf4 Bd7 11. Rc1 Qa5 12. Re1 Rfe8 13. d5 Na7 14. Bd2 Qd8 15.
Be3 b5 16. c5 dxc5 17. Bxc5 Nc8 18. Ne5 Nd6 19. Nc6 Bxc6 20. dxc6 Qc7 21. Bf3
Nc4 22. Qe2 e6 23. b3 Na5 24. Bb4 Rac8 25. Ne4 Red8 26. Nc5 Nxc6 27. Nxe6 Re8
28. Nxc7 Rxe2 29. Rxe2 Nxb4 30. Bb7 Rd8 31. Nxa6 Rd7 32. Nxb4 Rxb7 33. Rc8+ Bf8
34. Nc6 Kg7 35. a4 bxa4 36. bxa4 Rb1+ 37. Kg2 Ra1 38. a5 h5 39. h4 Nd5 40. Rb8
Rc1 41. Nd4 g5 42. Rb5 Bc5 1-0

[Event "Reykjavik Open"]
[Site "Reykjavik ISL"]
[Date "2012.03.13"]
[Round "9.58"]
[White "Huizer, Mark"]
[Black "Knudsen, Jes West"]
[Result "1-0"]
[WhiteTitle "CM"]
[WhiteElo "2122"]
[BlackElo "1913"]
[WhiteFideId "1005839"]
[BlackFideId "1405985"]
[EventDate "2012.03.06"]

1. d4 g6 2. Nf3 f5 3. Bf4 d6 4. Nbd2 Nf6 5. e3 Nh5 6. c3 Be6 7. Bd3 Nxf4 8. exf4
Qd7 9. Qe2 Bg7 10. Nc4 Nc6 11. O-O h6 12. b4 Bf6 13. Rfe1 Bd5 14. Ne3 Bf7 15.
Rad1 O-O 16. Qc2 e6 17. g4 Ne7 18. h3 Kh8 19. g5 Bg7 20. gxh6 Bxh6 21. Ng5 Bg8
22. h4 Rae8 23. Qe2 Nd5 24. Nxd5 exd5 25. Qf3 Qc6 26. Bb1 Rxe1+ 27. Rxe1 Re8 28.
Re3 Rxe3 29. Qxe3 Qd7 30. h5 Bxg5 31. fxg5 Qe6 32. hxg6 Qxe3 33. fxe3 Be6 34.
Kf2 Kg7 35. Kg3 Kxg6 36. Kf4 b6 37. b5 Bd7 38. Bd3 Be6 39. a3 Bd7 40. c4 dxc4
41. Bxc4 c6 42. a4 c5 43. dxc5 bxc5 44. a5 Be8 45. b6 axb6 46. axb6 Bc6 47. Be6
d5 48. Bxf5+ Kf7 49. Ke5 Ke7 50. g6 Bb7 51. Be6 1-0